000 01668cam a22004694i 4500
003 PE-LiUPU
005 20250731173112.0
008 150623s2002 sp rb 000 0 spa d
020 _a8481694886
035 _a(Sirsi) i9788481694888
040 _aPE-LiUPU
_bspa
_cPE-LiUPU
_erda
049 _aPRUA
082 0 4 _a222.2
_bS51
_221
100 1 _aSicre, José Luis,
_eautor.
245 1 0 _aHistoria :
_bJosué /
_cJosé Luis Sicre.
264 1 _aEspaña :
_bEditorial Verbo Divino,
_c2002.
300 _a520 páginas ;
_c24 centímetros.
336 _atext
_2rdacontent
337 _aunmediated
_2rdamedia
338 _avolume
_2rdacarrier
490 0 _aNueva Biblia Española Historia
504 _aIncluye bibliografía.
505 0 _aUn libro extraño y admirable. -Relación con el deuteronomio. -Problemas morales que plantea el libro de Josué. -La conquista. -El reparto de la tierra.
526 _aSEG42
526 _aSEG41
526 _aSEG40
526 _aSEG39
526 _aP94
526 _aP87
526 _aP86
526 _aP85
526 _aP77
526 _aP76
526 _aP35
630 _aBiblia.
_pA.T.
_pJosué
_xComentarios.
942 _2ddc
_cBOOK
949 _a222.2 S51
_wDEWEY
_c1
_i49539
_d2016-10-7
_e2016-10-5
_lCCODEBUL1
_mBUL
_n7
_r0
_sY
_tBOOK
_u2015-6-24
_xTEOLOGIA
_PP35
_0COMPRA
_o.STAFF. Colección General
994 _aC0
_bPEPRU
596 _a1
999 _a222.2 S51
_wDEWEY
_c30665
_i49539
_d30665
_e2017-10-5
_f2021-11-9
_g5
_lCCODEBUL1
_mBUL
_n8
_p20.00
_q4
_r0
_sY
_tBOOK
_u2015-6-24
_xTEOLOGIA
_PP35
_0COMPRA
_o.STAFF. Colección Teología
980 _81
_gALBERTO SANCHEZ Responsable de Automatización